Visualizzazione normale
Vista MARC
- Bizet Georges
di Personal Name
Records bibliografici associati: 1
001 - CONTROL NUMBER
- control field: 5993
003 - CONTROL NUMBER IDENTIFIER
- control field: IT-RoPau
005 - DATE AND TIME OF LATEST TRANSACTION
- control field: 20131218151053.0
008 - FIXED-LENGTH DATA ELEMENTS
- fixed length control field: 131218|| aca||aabn | a|a d
040 ## - CATALOGING SOURCE
- Original cataloging agency: IT-RoPau
- Transcribing agency: IT-RoPau
100 ## - HEADING--PERSONAL NAME
- Personal name: Bizet Georges
- Dates associated with a name: Codice autore musica SPICS: 10724
- Relator term: Autore musica
- Name of part/section of a work: Carmen: Habanera
670 ## - SOURCE DATA FOUND
- Source citation: Work cat.: (IT-RoPau)102729: AA.VV. 794, Opera senza parole (Lp Ss 152)